000 01412nam1a2200361 i 4500
001 RU\NLR\bibl\46471
005 20260407081932.0
035 _a(NLR Aleph) 000045325
090 _a239795
_c239795
100 _a19990908g19989999u y0rusy50 ca
101 0 _arus
102 _aRU
105 _aa |||||||||
200 1 _aПорты мира
_e[Справ.]
_fМ-во трансп. Рос. Федерации, Служба мор. флота "Росморфлот", ЗАО "ЦНИИМФ"
205 _a[Офиц. изд.]
210 _aСПб.
_cЗАО "ЦНИИМФ"
_d1998
215 _d25
463 0 _100145471
463 0 _100152175
463 0 _1001119326
463 0 _1001157581
463 0 _1001174084
463 0 _1001254642
463 0 _1001526502
463 0 _10011015149
606 0 _aПорты
_jСправочники
_91287864
_3RU\NLR\auth\66214343
686 _aО413я22
711 0 2 _4475
_aЦентральный научно-исследовательский и проектно-конструкторский институт морского флота
_cСанкт-Петербург
_3RU\NLR\AUTH\887264
_9286595
712 0 1 _4570
_aРоссийская Федерация
_bФедеральная служба морского флота
_3RU\NLR\AUTH\889973405
_9443373
801 0 _aRU
_bNLR
_c19990908
_gPSBO
801 1 _aRU
_bNLR
_c19990908
852 _aNLR
_j99-7/1899
942 _cBOOK